Syrisches Christentum in Vorderasien und Südindien
| Main Author: | |
|---|---|
| Format: | Print Article |
| Language: | German |
| Check availability: | HBZ Gateway |
| Interlibrary Loan: | Interlibrary Loan for the Fachinformationsdienste (Specialized Information Services in Germany) |
| Published: |
1981
|
| In: |
Saeculum
Year: 1981, Volume: 32, Issue: 3, Pages: 242-253 |
| Further subjects: | B
Turkey (motif)
Minority
Religious organization
B Minority B Religious organization B Turkey (motif) |
MARC
| LEADER | 00000naa a2200000 c 4500 | ||
|---|---|---|---|
| 001 | 1818109581 | ||
| 003 | DE-627 | ||
| 005 | 20221006095925.0 | ||
| 007 | tu | ||
| 008 | 221006s1981 xx ||||| 00| ||ger c | ||
| 035 | |a (DE-627)1818109581 | ||
| 035 | |a (DE-599)KXP1818109581 | ||
| 040 | |a DE-627 |b ger |c DE-627 |e rda | ||
| 041 | |a ger | ||
| 084 | |a RA06.06 |2 fivr | ||
| 084 | |a SG02 |2 fivs | ||
| 084 | |a 1 |a 0 |2 ssgn | ||
| 100 | 1 | |e VerfasserIn |0 (DE-588)118805215 |0 (DE-627)079579760 |0 (DE-576)163151113 |4 aut |a Spuler, Bertold |d 1911-1990 | |
| 109 | |a Spuler, Bertold 1911-1990 |a Išpūlar, Birtūld 1911-1990 |a Birtūld Išpūlar 1911-1990 |a Išpūlir, Birtūld 1911-1990 |a Spuler, B. 1911-1990 | ||
| 245 | 1 | 0 | |a Syrisches Christentum in Vorderasien und Südindien |c von Bertold Spuler |
| 264 | 1 | |c 1981 | |
| 336 | |a Text |b txt |2 rdacontent | ||
| 337 | |a ohne Hilfsmittel zu benutzen |b n |2 rdamedia | ||
| 338 | |a Band |b nc |2 rdacarrier | ||
| 601 | |a Syrisch | ||
| 601 | |a Christentum | ||
| 650 | 0 | 7 | |0 (DE-588)4752223-9 |0 (DE-627)372513433 |0 (DE-576)216046890 |a Minderheit |2 gnd |
| 650 | 0 | 7 | |0 (DE-588)4049401-9 |0 (DE-627)106187147 |0 (DE-576)209081899 |a Religionsgemeinschaft |2 gnd |
| 650 | 4 | |a Türkei |x Minderheit |x Religionsgemeinschaft | |
| 651 | 7 | |0 (DE-588)4061163-2 |0 (DE-627)106136844 |0 (DE-576)209138440 |a Türkei |2 gnd | |
| 773 | 0 | 8 | |i Enthalten in |t Saeculum |d Köln : Böhlau, an imprint of the Brill Group, 1950 |g 32(1981), 3, Seite 242-253 |w (DE-627)129474746 |w (DE-600)203177-2 |w (DE-576)014853353 |x 0080-5319 |7 nnas |
| 773 | 1 | 8 | |g volume:32 |g year:1981 |g number:3 |g pages:242-253 |
| 936 | f | i | |0 (DE-627)175613183X |a RA06.06 |b Türkei |k Europa |k Südeuropa |k Türkei |2 fivr |
| 936 | f | i | |0 (DE-627)1756135916 |a SG02 |b Gesellschaftsentwicklung/Gesellschaftsstruktur |k Gesellschaft |k Gesellschaftsentwicklung/Gesellschaftsstruktur |2 fivs |
| 938 | 1 | 0 | |0 (DE-627)1756221421 |0 (DE-615)6601588 |a Türkei |2 fivt |
| 938 | 1 | 0 | |0 (DE-627)1756198071 |0 (DE-615)6600827 |a Minderheit |2 fivt |
| 938 | 1 | 0 | |0 (DE-627)1756170991 |0 (DE-615)6607192 |a Religionsgemeinschaft |2 fivt |
| 951 | |a AR | ||
| ELC | |b 1 | ||
| ITA | |a 1 |t 1 | ||
| ORI | |a SA-MARC-ixtheo_oa001.raw | ||
| REL | |a 1 | ||
| STA | 0 | 0 | |a Minority,Ethnic minority,National minority,Religious organization,Religious society,Religion,Denomination,Turkey (motif),Turkey |
| STB | 0 | 0 | |a Communauté religieuse,Minorité,Turquie (motif) |
| STC | 0 | 0 | |a Comunidad religiosa,Minoría |
| STD | 0 | 0 | |a Comunità religiosa,Minoranza |
| STE | 0 | 0 | |a 宗教团体,少数,少数党,少数派 |
| STF | 0 | 0 | |a 宗教團體,少數,少數黨,少數派 |
| STG | 0 | 0 | |a Comunidade religiosa,Minoria |
| STH | 0 | 0 | |a Меньшинство,Религиозная община |
| STI | 0 | 0 | |a Θρησκευτική κοινότητα,Μειονότητα |
| SUB | |a REL | ||
| SYE | 0 | 0 | |a Minderheiten,Minderheitsgruppe,Minorität,Minoritätsgruppe , Religious community,Glaubensgemeinschaft,Religiöse Vereinigung,Scientology,Sekte,Religionsgenossenschaft,Religionsgesellschaft,Religionsgemeinschaften , Türkiye,Türkiye Cumhuriyeti,TC,République Turque,Turkey,T'owrk'ia,Republic of Turkey,Republik Türkei,Republik Türkiye,Turkish Republic,Turquie |
| SYF | 0 | 0 | |a Türkiye,Türkiye Cumhuriyeti,TC,République Turque,Turkey,T'owrk'ia,Republic of Turkey,Republik Türkei,Republik Türkiye,Turkish Republic,Turquie |



